Los 50 países mas pequeños - Estadísticas

Estadísticas generales
  • Esta prueba ha sido intentada 117 veces
    75 desde el último reinicio
  • La puntuación promedio es 37 de 50
Estadísticas de respuestas
Tamaño (km²) País % Correcto
0,44 Ciudad del Vaticano
100%
160 Liechtenstein
98%
468 Andorra
92%
2486 Luxemburgo
92%
2 Mónaco
92%
316 Malta
90%
61 San Marino
90%
616 Santa Lucía
88%
344 Granada
85%
18274 Fiyi
83%
964 Santo Tomé y Príncipe
83%
389 San Vicente y las Granadinas
83%
261 San Cristobal y Nieves
81%
26 Tuvalu
81%
21 Nauru
79%
455 Seychelles
79%
9251 Chipre
77%
181 Islas Marshall
77%
2842 Samoa
77%
12189 Vanuatu
77%
442 Antigua y Barbuda
75%
4033 Cabo Verde
75%
11571 Catar
75%
747 Tonga
75%
5128 Trinidad y Tobago
75%
765 Baréin
73%
5765 Brunéi
73%
751 Dominica
73%
298 Maldivas
73%
430 Barbados
71%
1861 Comoras
71%
10991 Jamaica
71%
13943 Bahamas
69%
702 Estados Federados de Micronesia
69%
811 Kiribati
69%
2040 Mauricio
69%
728 Singapur
69%
22966 Belice
67%
22300 Yibuti
67%
459 Palaos
65%
17364 Esuatini
63%
14874 Timor Oriental
63%
10887 Kosovo
60%
20770 Israel
58%
17818 Kuwait
58%
10452 Líbano
54%
11295 Gambia
50%
13812 Montenegro
48%
21041 El Salvador
46%
20273 Eslovenia
31%
No se encontraron pruebas coincidentes
Distribución de puntuación
Porcentaje de gente con cada puntuación
Porcentaje por número respondido
Historial de tus puntuaciones
No has intentado esta prueba desde el último reinicio